WCM és hulladékcsökkentés a Tetra Paknál
| Szerző: | |
|---|---|
| További közreműködők: | |
| Dokumentumtípus: | Projektmunka |
| Kulcsszavak: | folyamat modell gyártás gyártási folyamat gyártási rendszer metodológia |
| Online Access: | http://dolgozattar.uni-bge.hu/59840 |
MARC
| LEADER | 00000nnm a2200000 i 4500 | ||
|---|---|---|---|
| 001 | dolg59840 | ||
| 005 | 20260409145634.0 | ||
| 008 | 260409suuuu hu o 000 hun d | ||
| 040 | |a BGE Dolgozattár Repozitórium |b hun | ||
| 041 | |a hu | ||
| 100 | 1 | |a Fürst András | |
| 245 | 1 | 0 | |a WCM és hulladékcsökkentés a Tetra Paknál |c Fürst András |h [elektronikus dokumentum] |
| 516 | |a Project_work | ||
| 520 | 3 | |a A projektmunkám célja bemutatni, hogy hogyan zajlott a szakmai gyakorlatom a budaörsi Tetra Pak multinacionális csomagolóanyag gyártó vállalatnál. Három évvel ezelőtt jelentkeztem először a céghez nyári diákmunkára és azóta minden nyáron dolgoztam náluk több területen is a gyártásban, majd 2024 októberétől a CCSS terület irodai diákjaként folytattam náluk a munkámat. Ezalatt az idő alatt rengeteg tapasztalatot szerezhettem arról, hogy hogyan is működik egy ilyen nagy multinacionális gyár. A dolgozat szerkezetileg a Tetra Pak bemutatásával kezdődik, kitérve a budaörsi gyárra is és a világon egyedül csak ott gyártott Tetra Recart csomagolásra. Majd a projekt részben bemutatom azt, hogy a szakmai gyakorlatom alatt milyen tevékenységekben vehettem részt a cégnél és milyen eredményeket értünk el ezalatt az idő alatt. | |
| 695 | |a folyamat modell | ||
| 695 | |a gyártás | ||
| 695 | |a gyártási folyamat | ||
| 695 | |a gyártási rendszer | ||
| 695 | |a metodológia | ||
| 700 | 1 | |a Lipák Mária |e ths | |
| 856 | 4 | 0 | |u http://dolgozattar.uni-bge.hu/59840/1/WCM%20%C3%A9s%20hullad%C3%A9kcs%C3%B6kkent%C3%A9s%20a%20Tetra%20Pakn%C3%A1l.pdf |z Dokumentum-elérés |
| 856 | 4 | 0 | |u http://dolgozattar.uni-bge.hu/59840/2/FurstBir.pdf |z Dokumentum-elérés |